Skladovacie automaty znižujú náklady aj chybovosť

Efektívne využívanie skladových priestorov pre znižovanie nákladov a šetrenie času v rámci logistických procesov vďaka moderným skladovacím automatom, ktoré umožňujú efektívne využitie skladového priestoru vzhľadom na potrebu minimálnej šírky pracovných uličiek, pričom s ich nasadením sa minimalizuj...

Descrizione completa

Salvato in:
Dettagli Bibliografici
Autore principale: Szmrecsányi, Tomáš
Natura: Capitolo di libro
Lingua:slovacco
Soggetti:
Tags: Aggiungi Tag
Nessun Tag, puoi essere il primo ad aggiungerne!!

MARC

LEADER 00000naa a2200000 4500
001 0281713
005 20240417075152.5
041 0 |a slo 
044 |a SK 
245 1 0 |a Skladovacie automaty znižujú náklady aj chybovosť  |c Tomáš Szmrecsányi 
520 |a Efektívne využívanie skladových priestorov pre znižovanie nákladov a šetrenie času v rámci logistických procesov vďaka moderným skladovacím automatom, ktoré umožňujú efektívne využitie skladového priestoru vzhľadom na potrebu minimálnej šírky pracovných uličiek, pričom s ich nasadením sa minimalizuje aj chybovosť a možné prestoje v následných procesoch. Výrobcovia skladovacích automatov, ako napr. Linde Material Handling Slovenská republika. Používanie skladovacích automatov v praxi v podnikoch, napr. v Geis SK + CZ, Volkswagen Slovakia či Škoda Auto. 
610 2 0 |a logistika 
610 2 0 |a logistika podniková 
610 2 0 |a automatizácia 
610 2 0 |a automatizácia práce 
610 2 0 |a sklady 
610 2 0 |a skladovanie 
610 2 0 |a efektívnosť práce 
610 2 0 |a optimalizácia 
100 1 |a Szmrecsányi, Tomáš